ARRUPE JESUIT UNIVERSITY

CORONAVIRUS -STOP THE SPREAD - CLEAN,DISINFECT,COVER

Philosophy, technology, and the arts in the early modern era. (Record no. 118286)

MARC details
000 -LEADER
fixed length control field 01009cam a2200301 4500
001 - CONTROL NUMBER
control field 764670
003 - CONTROL NUMBER IDENTIFIER
control field ARRUPE
005 - DATE AND TIME OF LATEST TRANSACTION
control field 20131008145159.0
008 - FIXED-LENGTH DATA ELEMENTS--GENERAL INFORMATION
fixed length control field 700518s1970 nyu b 001 0 eng
010 ## - LIBRARY OF CONGRESS CONTROL NUMBER
LC control number 70103055
040 ## - CATALOGING SOURCE
Original cataloging agency DLC
Transcribing agency DLC
Modifying agency DLC
041 1# - LANGUAGE CODE
Language code of text/sound track or separate title eng
Language code of original and/or intermediate translations of text ita
050 00 - LIBRARY OF CONGRESS CALL NUMBER
Classification number CB478
Item number .R6513 1970
300 ## - PHYSICAL DESCRIPTION
Dimensions 21 cm.
100 1# - MAIN ENTRY--PERSONAL NAME
Personal name Rossi, Paolo,
Dates associated with a name 1923-
9 (RLIN) 2271
240 10 - UNIFORM TITLE
Uniform title <a href="Filosofi e le macchine.">Filosofi e le macchine.</a>
Language of a work English
245 10 - TITLE STATEMENT
Title Philosophy, technology, and the arts in the early modern era.
Statement of responsibility, etc Translated by Salvator Attanasio. Edited by Benjamin Nelson.
250 ## - EDITION STATEMENT
Edition statement [1st ed.]
260 ## - PUBLICATION, DISTRIBUTION, ETC. (IMPRINT)
Place of publication, distribution, etc New York,
Name of publisher, distributor, etc Harper & Row
Date of publication, distribution, etc [1970]
300 ## - PHYSICAL DESCRIPTION
Extent xii, 194 p.
350 ## - PRICE (NR) (BK AM CF MU VM SE) [OBSOLETE]
Price $2.95
490 0# - SERIES STATEMENT
Series statement Harper torchbooks, TB 1458
500 ## - GENERAL NOTE
General note Translation of I filosofi e le macchine.
504 ## - BIBLIOGRAPHY, ETC. NOTE
Bibliography, etc Includes bibliographical references.
650 #0 - SUBJECT ADDED ENTRY--TOPICAL TERM
Topical term or geographic name as entry element Technology and civilization.
9 (RLIN) 2272
700 1# - ADDED ENTRY--PERSONAL NAME
Personal name Nelson, Benjamin,
Dates associated with a name 1911-1977,
Relator term ed.
9 (RLIN) 2273
906 ## - LOCAL DATA ELEMENT F, LDF (RLIN)
a 7
b cbc
c orignew
d u
e ncip
f 19
g y-gencatlg
942 ## - ADDED ENTRY ELEMENTS (KOHA)
Source of classification or shelving scheme Library of Congress Classification
Koha item type Monograph ( Printed materials)
Holdings
Withdrawn status Lost status Source of classification or shelving scheme Damaged status Not for loan Home library Current library Shelving location Date acquired Total Checkouts Full call number Barcode Date last seen Price effective from Koha item type
    Library of Congress Classification     ARRUPE LIBRARY ARRUPE LIBRARY Main Collection 08/10/2013   CB478 .R6513 1970 46410612 10/10/2017 08/10/2013 Monograph ( Printed materials)

 

Arrupe Library. PO Box MP320 Mt Pleasant, Harare, Zimbabwe
263 242 745411|librarian@aju.ac.zw